| 000 | 00840nam a22002537a 4500 | ||
|---|---|---|---|
| 005 | 20170123162339.0 | ||
| 010 | _aA-794561 | ||
| 020 |
_c180.00 _a9693501780 |
||
| 035 | _aA-794561 | ||
| 037 | _bCen Lib/Ret | ||
| 040 |
_aDPL _bUR |
||
| 082 |
_a846.8 _bڈ ے و |
||
| 100 |
_aفریدہ نظیر _9126418 |
||
| 245 |
_aقررتلللہ شہاب : _cفریدہ نظیر _bزندگی اور ادب / |
||
| 246 |
_aQurutullah shahab : zindagi aur adab / _bby Fareeda Nazeer |
||
| 260 |
_bسنگ میل پبلشرس _c1992 _aلاہور |
||
| 270 | _bلاہور | ||
| 300 |
_a407p. _c21cm(Hb) |
||
| 650 |
_aادب -- اردو _9126419 |
||
| 650 |
_aاردو سوانے عمری _9126420 |
||
| 650 |
_aLiterature -- Urdu _9126421 |
||
| 650 |
_aUrdu biography _9511 |
||
| 942 |
_2ddc _cUR _h846.8 _mڈ ے و |
||
| 999 |
_c108406 _d108406 |
||